[Event "Kaissa Open"]
[Site "Kharkov UKR"]
[Date "2002.01.23"]
[EventDate "2002.01.22"]
[Round "2"]
[Result "0-1"]
[White "Anna Ushenina"]
[Black "Yuri Solodovnichenko"]
[WhiteElo "2297"]
[BlackElo "2446"]
[PlyCount "48"]

1. d4 Nf6 2. c4 c5 3. dxc5 e5 4. Nc3 Bxc5 5. e3 Nc6 6. a3 a5
7. Nf3 d6 8. b3 O-O 9. Bb2 Re8 10. Be2 Bf5 11. O-O e4 12. Nd4
Bg6 13. Nxc6 bxc6 14. Na4 Ba7 15. Qd2 Bb8 16. Rfd1 Nd7 17. b4
axb4 18. axb4 Ne5 19. b5 Nd3 20. bxc6 Qc7 21. f4 Qxc6 22. Qc2
Rxa4 23. Rxa4 Nxb2 24. Qxb2 Qxa4 0-1

[Event "Kaissa Open"]
[Site "Kharkov UKR"]
[Date "2002.01.25"]
[EventDate "2002.01.22"]
[Round "4"]
[Result "0-1"]
[White "Konstantin Karanda"]
[Black "Anna Ushenina"]
[WhiteElo "2177"]
[BlackElo "2297"]
[PlyCount "44"]

1. d4 d5 2. c4 e6 3. Nf3 c6 4. Nc3 Nf6 5. Bg5 Nbd7 6. e3 Qa5
7. Nd2 dxc4 8. Bxf6 Nxf6 9. Nxc4 Qc7 10. a4 Be7 11. Bd3 O-O
12. O-O Rd8 13. Rc1 Bd7 14. e4 Be8 15. e5 Nd7 16. f4 Nf8
17. Rf3 f5 18. Bb1 Bh5 19. Ba2 Bxf3 20. Qxf3 Rxd4 21. Ne3 Bc5
22. Ne2 Rxa4 0-1

[Event "Kaissa Open"]
[Site "Kharkov UKR"]
[Date "2002.01.29"]
[EventDate "2002.01.22"]
[Round "8"]
[Result "1-0"]
[White "Mikhail Simantsev"]
[Black "Anna Ushenina"]
[WhiteElo "2383"]
[BlackElo "2297"]
[PlyCount "64"]

1. d4 d5 2. c4 e6 3. Nf3 c6 4. Qc2 Nf6 5. e3 Nbd7 6. Nc3 Bd6
7. Be2 O-O 8. O-O dxc4 9. Bxc4 Qe7 10. h3 e5 11. a3 Bb8
12. Ba2 h6 13. Nh4 Rd8 14. f4 exd4 15. Nf5 Qe8 16. Nxd4 Nf8
17. Bd2 a6 18. Rad1 Ba7 19. Bc1 c5 20. Nf5 Be6 21. Bb1 b5
22. Ne4 Nxe4 23. Qxe4 Rxd1 24. Rxd1 Rd8 25. Re1 Qd7 26. Kh2 c4
27. Ng3 f6 28. Qf3 Bb8 29. Bc2 Qc7 30. e4 Qc6 31. Nh5 Qe8
32. Ng3 Qc6 1-0

[Event "Kaissa Open"]
[Site "Kharkov UKR"]
[Date "2002.01.30"]
[EventDate "2002.01.22"]
[Round "9"]
[Result "1/2-1/2"]
[White "Anna Ushenina"]
[Black "D Posohov"]
[WhiteElo "2297"]
[BlackElo "2176"]
[PlyCount "129"]

1. d4 f5 2. Nc3 d5 3. h3 Nf6 4. Bf4 e6 5. e3 Bd6 6. Nf3 O-O
7. Ne5 c5 8. g4 Ne4 9. Nxe4 fxe4 10. Bg2 cxd4 11. Qxd4 Nc6
12. Nxc6 bxc6 13. Bxd6 Qxd6 14. Bxe4 c5 15. Qd2 Qe5 16. Bg2
Qxb2 17. O-O Ba6 18. Rfb1 Qf6 19. f4 Bc4 20. Qa5 Rac8 21. Qxa7
Qc3 22. Re1 d4 23. exd4 Rxf4 24. dxc5 Qg3 25. Qd7 Rcf8 26. Qd6
e5 27. Kh1 Rf2 28. Rg1 Rxg2 29. Rxg2 Qxh3+ 30. Kg1 Qe3+
31. Kh2 Qf4+ 32. Kg1 Bf1 33. Qxf8+ Qxf8 34. Rxf1 Qxc5+
35. Rgf2 h6 36. Kh2 Qc4 37. Kg3 Qxa2 38. Re1 Qb2 39. Re3 Qd4
40. Rfe2 Qf4+ 41. Kh3 Kh7 42. c4 Qxc4 43. Rxe5 Qf4 44. Rf5 Qc4
45. Ref2 Qb3+ 46. R2f3 Qd1 47. Rf1 Qe2 48. R1f2 Qe4 49. R2f3
Kg6 50. Kg3 Qe1+ 51. Kh3 Qh1+ 52. Kg3 Qg1+ 53. Kh3 Kh7 54. Rf1
Qe3+ 55. R1f3 Qe4 56. Rf1 Qc6 57. R1f3 g5 58. Rf6 Qd5 59. Rf7+
Kg8 60. R7f5 Qc4 61. Rf6 Kg7 62. R6f5 Qd4 63. Rf2 Kg6 64. R2f3
Qa4 65. Rf1 1/2-1/2

[Event "Sudak UKR"]
[Site "It"]
[Date "2002.08.03"]
[EventDate "2002.08.02"]
[Round "3"]
[Result "0-1"]
[White "Anna Ushenina"]
[Black "Sergey Karjakin"]
[WhiteElo "2339"]
[BlackElo "2523"]
[PlyCount "54"]

1. e4 c5 2. Nf3 d6 3. d4 cxd4 4. Nxd4 Nf6 5. Nc3 a6 6. Be2 e5
7. Nb3 Be7 8. O-O O-O 9. Kh1 b6 10. f4 Bb7 11. Bf3 Nbd7 12. f5
b5 13. a3 Rc8 14. g4 Rxc3 15. bxc3 Nxe4 16. Qe1 Bh4 17. Qe3 d5
18. a4 bxa4 19. Rxa4 Qc7 20. Bxe4 dxe4 21. Kg1 h6 22. Na5 Ba8
23. c4 Nb6 24. Ra1 Nxc4 25. Nxc4 Qxc4 26. Qh3 e3 27. Qxh4 Qe4
0-1

[Event "Osen II"]
[Site "Alushta UKR"]
[Date "2003.09.30"]
[EventDate "2003.09.27"]
[Round "6"]
[Result "1/2-1/2"]
[White "Andrey Sumets"]
[Black "Anna Ushenina"]
[WhiteElo "2473"]
[BlackElo "2311"]
[PlyCount "27"]

1. d4 d5 2. c4 dxc4 3. e3 e6 4. Bxc4 a6 5. Nf3 Nf6 6. O-O c5
7. dxc5 Bxc5 8. Qe2 Nbd7 9. e4 b5 10. Bd3 e5 11. a4 bxa4
12. Nc3 a3 13. bxa3 O-O 14. Bg5 1/2-1/2

[Event "Osen II"]
[Site "Alushta UKR"]
[Date "2003.10.02"]
[EventDate "2003.09.27"]
[Round "8"]
[Result "1-0"]
[White "Andrei Kovalev"]
[Black "Anna Ushenina"]
[WhiteElo "2554"]
[BlackElo "2311"]
[PlyCount "39"]

1. e4 c6 2. d4 d5 3. Nd2 dxe4 4. Nxe4 Nd7 5. Ng5 Ngf6 6. Bd3
e6 7. N1f3 Bd6 8. Qe2 h6 9. Ne4 Nxe4 10. Qxe4 Qc7 11. O-O b6
12. Qg4 g5 13. Qh3 Rg8 14. Re1 Bb7 15. Rxe6+ fxe6 16. Qxe6+
Kf8 17. Qxh6+ Rg7 18. Bc4 Nf6 19. Qxf6+ Ke8 20. Bxg5 1-0

[Event "Osen II"]
[Site "Alushta UKR"]
[Date "2003.10.03"]
[EventDate "2003.09.27"]
[Round "11"]
[Result "1-0"]
[White "Anna Ushenina"]
[Black "Veniamen Shtyrenkov"]
[WhiteElo "2311"]
[BlackElo "2514"]
[PlyCount "55"]

1. d4 g6 2. e4 Bg7 3. Nc3 d6 4. Nge2 c6 5. g3 e5 6. Bg2 Qe7
7. a4 a5 8. O-O h5 9. h3 h4 10. g4 g5 11. Qd2 exd4 12. Nxd4
Be5 13. Nce2 Bf6 14. Re1 Qc7 15. Nf3 Ne7 16. Nxg5 Na6 17. Nd4
Bd7 18. Nf5 Bxf5 19. exf5 d5 20. Nf3 Nc5 21. g5 Ne4 22. Qe2
O-O-O 23. gxf6 Nxf5 24. Ng5 Rhg8 25. Qg4 Qe5 26. f3 Qg3
27. Qxf5+ Rd7 28. Rxe4 1-0

[Event "Osen II"]
[Site "Alushta UKR"]
[Date "2003.10.05"]
[EventDate "2003.09.27"]
[Round "13"]
[Result "1/2-1/2"]
[White "Anna Ushenina"]
[Black "Vladimir Belikov"]
[WhiteElo "2311"]
[BlackElo "2499"]
[PlyCount "54"]

1. d4 Nf6 2. c4 e6 3. Nc3 Bb4 4. e3 O-O 5. Nge2 d5 6. a3 Be7
7. cxd5 Nxd5 8. Bd2 Nb6 9. Qc2 N8d7 10. g3 c5 11. Bg2 cxd4
12. Nxd4 Nf6 13. Rd1 Qc7 14. O-O Bd7 15. Rc1 Rac8 16. Rfd1 Qb8
17. Qb1 Nc4 18. Be1 b5 19. Ne4 Nd5 20. h4 h6 21. Nc3 Nf6
22. Ne4 Rfd8 23. Nd2 e5 24. N4f3 Bg4 25. Nxc4 Rxd1 26. Rxd1
Rxc4 27. Rc1 Bf5 1/2-1/2

[Event "Osen II"]
[Site "Alushta UKR"]
[Date "2003.10.07"]
[EventDate "2003.09.27"]
[Round "15"]
[Result "0-1"]
[White "Anna Ushenina"]
[Black "Sergei Krivoshey"]
[WhiteElo "2311"]
[BlackElo "2507"]
[PlyCount "74"]

1. d4 d5 2. c4 c6 3. Nf3 Nf6 4. Nc3 dxc4 5. a4 Bf5 6. e3 e6
7. Bxc4 Bb4 8. O-O Nbd7 9. Qe2 Bg6 10. Rd1 O-O 11. Na2 Bd6
12. b4 Qe7 13. b5 e5 14. Nh4 Nb6 15. Nxg6 hxg6 16. bxc6 bxc6
17. a5 Nxc4 18. Qxc4 exd4 19. exd4 Rac8 20. h3 Nd5 21. Nc3
Rfd8 22. Na4 g5 23. Qb3 Rb8 24. Qf3 Rb5 25. Nc3 Nxc3 26. Qxc3
Qf6 27. a6 Rd5 28. Be3 Be5 29. Ra5 Rxd4 30. Bxd4 Bxd4 31. Qb3
Qxf2+ 32. Kh1 Re8 33. Qb1 Qg3 34. Ra2 Be5 35. Kg1 Qh2+ 36. Kf2
Bg3+ 37. Kf3 Be1 0-1

[Event "20th Cappelle la Grande"]
[Site "Cappelle-la-Grande, France"]
[Date "2004.02.28"]
[EventDate "2004.02.28"]
[Round "1"]
[Result "1-0"]
[White "Anna Ushenina"]
[Black "Patrick Janotta"]
[WhiteElo "2348"]
[BlackElo "2121"]
[PlyCount "65"]

1. d4 Nf6 2. c4 g6 3. Nc3 d5 4. Nf3 Bg7 5. Qb3 dxc4 6. Qxc4
O-O 7. e4 Bg4 8. Ne5 Be6 9. d5 Bc8 10. Bf4 c6 11. dxc6 bxc6
12. Nxc6 Nxc6 13. Qxc6 Be6 14. Be2 Rc8 15. Qa6 Nxe4 16. Nxe4
Qd4 17. Qd3 Qxb2 18. Rd1 Qxa2 19. O-O a5 20. Bg5 Rfe8 21. Qe3
a4 22. Bb5 Red8 23. Rxd8+ Rxd8 24. Bxe7 Rc8 25. Qa7 Qd5
26. Qxa4 Ra8 27. Qb4 Rb8 28. Nc5 Bd4 29. Nxe6 fxe6 30. Rb1 Kf7
31. Bh4 Rc8 32. Qe7+ Kg8 33. Bd7 1-0

[Event "6th European Individual Women's Championship Qualification"]
[Site "Chisinau, Moldova"]
[Date "2005.06.24"]
[EventDate "2005.06.24"]
[Round "1.1"]
[Result "1-0"]
[White "Anna Ushenina"]
[Black "Natalia Zdebskaja"]
[WhiteElo "2350"]
[BlackElo "2344"]
[PlyCount "61"]

1. d4 Nf6 2. Bg5 e6 3. e4 h6 4. Bxf6 Qxf6 5. Nf3 c5 6. c3 Nc6
7. d5 Ne5 8. Be2 g5 9. Nbd2 d6 10. Nxe5 Qxe5 11. Bb5+ Kd8
12. dxe6 fxe6 13. O-O Kc7 14. a4 a6 15. Bd3 d5 16. Re1 Qf6
17. Qe2 Bd7 18. e5 Qf4 19. a5 c4 20. Bc2 Bc5 21. b4 Ba7
22. Rad1 g4 23. Nf1 Raf8 24. Ne3 h5 25. Rxd5 Bc6 26. Rd2 h4
27. Nxg4 Rhg8 28. h3 Qg3 29. Be4 Bxe4 30. Qxe4 Rf4 31. Qh7+
1-0

[Event "6th European Individual Women's Championship Qualification"]
[Site "Chisinau, Moldova"]
[Date "2005.06.24"]
[EventDate "2005.06.24"]
[Round "1.2"]
[Result "0-1"]
[White "Natalia Zdebskaja"]
[Black "Anna Ushenina"]
[WhiteElo "2344"]
[BlackElo "2350"]
[PlyCount "74"]

1. e4 c5 2. Nf3 Nc6 3. d4 cxd4 4. Nxd4 Nf6 5. Nc3 e5 6. Ndb5
d6 7. Bg5 a6 8. Na3 b5 9. Bxf6 gxf6 10. Nd5 f5 11. c3 Bg7
12. exf5 Bxf5 13. Nc2 O-O 14. Nce3 Be6 15. Bd3 f5 16. Qh5 e4
17. Bc2 Ne7 18. Nxe7+ Qxe7 19. Bb3 Bxb3 20. axb3 Qe6 21. b4 d5
22. g4 d4 23. cxd4 Bxd4 24. Nxf5 Bxb2 25. Rd1 Qc4 26. Ne7+ Kg7
27. Qg5+ Kh8 28. Nd5 e3 29. fxe3 Bc3+ 30. Nxc3 Qxc3+ 31. Ke2
Qc2+ 32. Rd2 Qc4+ 33. Kd1 Rf1+ 34. Rxf1 Qxf1+ 35. Kc2 Rc8+
36. Kb3 Qc4+ 37. Kb2 Qc1+ 0-1

[Event "6th European Individual Women's Championship Qualification"]
[Site "Chisinau, Moldova"]
[Date "2005.06.24"]
[EventDate "2005.06.24"]
[Round "2.1"]
[Result "1/2-1/2"]
[White "Lela Javakhishvili"]
[Black "Anna Ushenina"]
[WhiteElo "2430"]
[BlackElo "2350"]
[PlyCount "284"]

1. d4 c5 2. d5 g6 3. Nf3 Bg7 4. e4 d6 5. Nc3 Nf6 6. Bb5+ Nbd7
7. a4 O-O 8. O-O Ne8 9. Bf4 Nc7 10. Re1 a6 11. Bf1 b6 12. e5
dxe5 13. Nxe5 Nxe5 14. Bxe5 Bb7 15. Bc4 Qd7 16. Bxg7 Kxg7
17. Qe2 Rfe8 18. Rad1 Rad8 19. h3 Qf5 20. Rd2 Rd7 21. Bd3 Qf4
22. Be4 Ba8 23. Red1 Red8 24. g3 Qe5 25. f4 Qh5 26. Qg2 Ne8
27. Ne2 Kg8 28. Bf3 Qh6 29. c4 Qg7 30. Qf2 Nd6 31. b3 Rc7
32. Rc2 Bb7 33. Rdc1 Qf6 34. Qe3 h5 35. Qe5 Qg7 36. Bg2 Bc8
37. Kh2 Nf5 38. Rc3 Nd6 39. Bf3 Bb7 40. g4 hxg4 41. hxg4 Rcd7
42. Kg3 Re8 43. Rd3 e6 44. Qxg7+ Kxg7 45. dxe6 Rxe6 46. Nc3
Nf5+ 47. gxf5 Rxd3 48. fxe6 Rxf3+ 49. Kg4 fxe6 50. a5 bxa5
51. Na4 Rxb3 52. Nxc5 Rb4 53. Nxe6+ Kf6 54. Nd8 Bc8+ 55. Kg3
Rb3+ 56. Kf2 a4 57. Nc6 a3 58. Nd4 Rd3 59. Ne2 a2 60. Ra1 Be6
61. Rxa2 Bxc4 62. Rc2 Bb5 63. Nc3 Bc6 64. Ne2 Bd5 65. Rc5 Be4
66. Ra5 Rd6 67. Nc3 Bd3 68. Ke3 Ke6 69. Na2 Bb5 70. Nb4 Kd7
71. Ke4 Kc7 72. Ke5 Rd1 73. Ra2 Kb6 74. Rg2 Kc5 75. Nxa6+ Bxa6
76. Rxg6 Bd3 77. Rg5 Re1+ 78. Kf6+ Kd6 79. f5 Rf1 80. Rh5 Be4
81. Rg5 Kd5 82. Rh5 Ra1 83. Rh8 Rf1 84. Rh5 Kd6 85. Rg5 Ra1
86. Rg4 Bd5 87. Kg6 Ke7 88. f6+ Kf8 89. Rf4 Bf7+ 90. Kg5 Ra5+
91. Rf5 Ra3 92. Rf4 Be6 93. Rf2 Kf7 94. Rf1 Ra5+ 95. Kh4 Bf5
96. Rc1 Kxf6 97. Kg3 Kg5 98. Rc3 Ra1 99. Rb3 Rh1 100. Re3 Rh3+
101. Kf2 Rh4 102. Kg3 Be4 103. Ra3 Rg4+ 104. Kh3 Kf4 105. Ra7
Rg3+ 106. Kh4 Rg1 107. Ra3 Rg8 108. Ra5 Rg7 109. Rc5 Rh7+
110. Rh5 Rc7 111. Ra5 Rc8 112. Rb5 Rc4 113. Kh5 Rc6 114. Kh4
Rc2 115. Rb3 Rd2 116. Ra3 Bf5 117. Ra4+ Ke5 118. Ra5+ Kf6
119. Ra6+ Be6 120. Kg3 Ke5 121. Ra5+ Bd5 122. Ra3 Kf5 123. Ra5
Rd3+ 124. Kf2 Kf4 125. Ke2 Be4 126. Ra4 Rh3 127. Kd2 Rh2+
128. Kc3 Ke3 129. Ra7 Rc2+ 130. Kb3 Rc8 131. Rd7 Bc6 132. Rd6
Ke4 133. Kb4 Bd5 134. Rh6 Kd4 135. Rh4+ Be4 136. Rh5 Rc4+
137. Kb5 Rc1 138. Kb6 Bd5 139. Rh2 Ke5 140. Kb5 Kd6 141. Rh6+
Be6 142. Kb4 Rb1+ 1/2-1/2

[Event "6th European Individual Women's Championship Qualification"]
[Site "Chisinau, Moldova"]
[Date "2005.06.24"]
[EventDate "2005.06.24"]
[Round "2.2"]
[Result "1/2-1/2"]
[White "Anna Ushenina"]
[Black "Lela Javakhishvili"]
[WhiteElo "2350"]
[BlackElo "2430"]
[PlyCount "129"]

1. d4 Nf6 2. c4 e6 3. Nc3 Bb4 4. e3 O-O 5. Bd3 d5 6. Nf3 c5
7. O-O cxd4 8. exd4 dxc4 9. Bxc4 Bd7 10. Re1 Bc6 11. Ne5 Bd5
12. Bd3 Nc6 13. Bg5 Be7 14. Re3 g6 15. Bh6 Re8 16. Rg3 Bf8
17. Bg5 Bg7 18. Ng4 Nb8 19. Nxd5 exd5 20. h4 Nbd7 21. h5 Qb6
22. hxg6 hxg6 23. Nh6+ Bxh6 24. Bxh6 Ne4 25. Bxe4 Rxe4 26. Rb3
Qa6 27. Rc1 Rae8 28. Be3 Nf6 29. Qf3 Qe6 30. Rxb7 Ng4 31. Rcc7
Nxe3 32. fxe3 Rxe3 33. Qxf7+ Qxf7 34. Rxf7 Re1+ 35. Kh2 R8e2
36. Rg7+ Kf8 37. Rh7 Kg8 38. Rhd7 a5 39. Rb8+ Re8 40. Rxe8+
Rxe8 41. Rxd5 Re2 42. Rxa5 Rxb2 43. d5 Kf7 44. Ra6 Rd2 45. d6
Ke6 46. Kg3 Kf5 47. a4 g5 48. Rc6 Rd3+ 49. Kh2 Rd5 50. Ra6 Kf4
51. Rb6 Kg4 52. Kg1 Kg3 53. Kf1 g4 54. Rb3+ Kh2 55. g3 Rxd6
56. a5 Rd1+ 57. Kf2 Ra1 58. Rb5 Ra2+ 59. Ke3 Kxg3 60. Kd4 Kh2
61. Kc5 g3 62. Kb6 g2 63. Rh5+ Kg3 64. Rg5+ Kf2 65. a6 1/2-1/2

[Event "6th European Individual Women's Championship Qualification"]
[Site "Chisinau, Moldova"]
[Date "2005.06.24"]
[EventDate "2005.06.24"]
[Round "2.3"]
[Result "1-0"]
[White "Anna Ushenina"]
[Black "Lela Javakhishvili"]
[WhiteElo "2350"]
[BlackElo "2430"]
[PlyCount "41"]

1. d4 Nf6 2. c4 e6 3. Nf3 b6 4. a3 Ba6 5. Qc2 c5 6. e4 Bb7
7. d5 exd5 8. cxd5 Qe7 9. Bd3 Bxd5 10. O-O Bb7 11. Nc3 d6
12. Bf4 Nbd7 13. Rfe1 Nh5 14. e5 d5 15. Bg5 Qe6 16. Bf5 Qc6
17. e6 f6 18. exd7+ Kd8 19. Re6 Qxd7 20. Rxf6 gxf6 21. Bxd7
1-0

[Event "6th European Individual Women's Championship Qualification"]
[Site "Chisinau, Moldova"]
[Date "2005.06.24"]
[EventDate "2005.06.24"]
[Round "2.4"]
[Result "0-1"]
[White "Lela Javakhishvili"]
[Black "Anna Ushenina"]
[WhiteElo "2430"]
[BlackElo "2350"]
[PlyCount "51"]

1. d4 d5 2. Nf3 Nf6 3. c4 c6 4. Qb3 dxc4 5. Qxc4 Bf5 6. g3 e6
7. Bg2 Be7 8. Nc3 O-O 9. Qb3 Qb6 10. Nd2 Rd8 11. Nc4 Qb4
12. Be3 Na6 13. O-O Ng4 14. Bd2 Qxb3 15. axb3 Nb4 16. e4 Bg6
17. h3 Nf6 18. Na5 Rxd4 19. Be3 Rd7 20. Rad1 b6 21. Rxd7 Nxd7
22. Nc4 f6 23. Rd1 Nc5 24. f4 Nxb3 25. Rd7 Kf8 26. f5 0-1

[Event "16th Ljubljana Open"]
[Site "Ljubljana SLO"]
[Date "2005.07.10"]
[EventDate "2005.07.09"]
[Round "3"]
[Result "1/2-1/2"]
[White "Ivan Ivanisevic"]
[Black "Anna Ushenina"]
[WhiteElo "2577"]
[BlackElo "2389"]
[PlyCount "159"]

1. d4 c5 2. d5 g6 3. e4 Bg7 4. c4 d6 5. Nc3 Nf6 6. h3 O-O
7. Bd3 Na6 8. Nf3 Nc7 9. Bg5 a6 10. a4 h6 11. Be3 b6 12. Qd2
Kh7 13. O-O e5 14. dxe6 Bxe6 15. Bf4 Qe7 16. Rfe1 Rfd8 17. a5
bxa5 18. Nd5 Bxd5 19. exd5 Qd7 20. Qc2 Rab8 21. Rxa5 Rb7
22. Ra2 Rdb8 23. Bd2 Ng8 24. Rb1 Rb3 25. Ba5 Kh8 26. Nd2 R3b7
27. b3 Ra8 28. Qd1 Nf6 29. Kh2 Nh5 30. g3 Bd4 31. Nf3 Bg7
32. Re2 Re8 33. Rxe8+ Qxe8 34. Qc2 Nf6 35. Nh4 Kg8 36. f4 Qb8
37. Qe2 Nce8 38. Bc2 Bf8 39. Qf3 Re7 40. Ng2 Bg7 41. g4 Qc8
42. Bd2 Nd7 43. Re1 Rxe1 44. Nxe1 Nef6 45. Qd3 Qe8 46. Nf3 Qe7
47. Kg2 Nb6 48. Kf1 Nfd7 49. Qe2 Kf8 50. Qxe7+ Kxe7 51. h4 Nf6
52. Nh2 Nfd7 53. Ke2 Bf6 54. Nf3 Bg7 55. f5 Nf8 56. fxg6 fxg6
57. h5 g5 58. Nh2 Nfd7 59. Nf1 Ne5 60. Ng3 Bf8 61. Bf5 Nbd7
62. Bc3 Nf6 63. Bc8 Nfxg4 64. Bxa6 Kd8 65. Bb5 Ke7 66. Ba5 Nf7
67. Kf3 Nge5+ 68. Ke4 Kf6 69. Bc3 Ke7 70. Kf5 Bg7 71. Ne4 Bh8
72. b4 cxb4 73. Bxb4 Nd3 74. Ba5 Bd4 75. Bc7 Nf4 76. Ng3 Bf2
77. Ne4 Bd4 78. Kg4 Ne5+ 79. Kf5 Nf7 80. Kg4 1/2-1/2

[Event "15th European Team Championship (Women)"]
[Site "Gothenburg SWE"]
[Date "2005.07.31"]
[EventDate "2005.07.30"]
[Round "2"]
[Result "1/2-1/2"]
[White "Anna Ushenina"]
[Black "Emilia Djingarova"]
[WhiteElo "2389"]
[BlackElo "2277"]
[PlyCount "114"]

1. d4 Nf6 2. Nf3 e6 3. c4 d5 4. Qc2 c6 5. e3 dxc4 6. Bxc4 b5
7. Be2 Bb7 8. O-O Nbd7 9. e4 a6 10. a4 Be7 11. Bg5 h6 12. Bh4
O-O 13. Nbd2 Nh5 14. Bxe7 Qxe7 15. Nb3 Rac8 16. Rfc1 Nf4
17. Bf1 Qb4 18. g3 Ng6 19. Nc5 Nxc5 20. Qxc5 a5 21. Qxb4 axb4
22. Rc5 Ra8 23. a5 Rfd8 24. h4 Ra7 25. Nd2 Rxd4 26. Nb3 Rd8
27. h5 Ne7 28. f4 Bc8 29. Kf2 e5 30. f5 f6 31. Ke3 Bd7
32. Rcc1 Be8 33. Be2 Rda8 34. Rd1 Kf7 35. Rd2 Nc8 36. g4 Ke7
37. Rad1 Rd7 38. Rxd7+ Bxd7 39. Nc5 Nd6 40. Ra1 Bc8 41. Kd2
Nf7 42. Nd3 Bb7 43. Nxb4 c5 44. Nd3 Kd6 45. Nc1 c4 46. b3 Kc5
47. bxc4 bxc4 48. Kc3 Nd6 49. Bxc4 Nxe4+ 50. Kb3 Nd2+ 51. Kc3
Ne4+ 52. Kb3 Nf2 53. Be2 Bd5+ 54. Kc3 Ne4+ 55. Kc2 Nf2 56. Kc3
Ne4+ 57. Kc2 Nf2 1/2-1/2

[Event "15th European Team Championship (Women)"]
[Site "Gothenburg SWE"]
[Date "2005.08.02"]
[EventDate "2005.07.30"]
[Round "4"]
[Result "1/2-1/2"]
[White "Lilit Galojan"]
[Black "Anna Ushenina"]
[WhiteElo "2223"]
[BlackElo "2389"]
[PlyCount "58"]

1. d4 d5 2. c4 dxc4 3. Nf3 Nf6 4. e3 e6 5. Bxc4 c5 6. O-O a6
7. Bb3 cxd4 8. exd4 Nc6 9. Nc3 Be7 10. Re1 O-O 11. a3 Na5
12. Bc2 b5 13. d5 Nxd5 14. Nxd5 exd5 15. Qd3 g6 16. Bh6 Re8
17. Qc3 f6 18. Nd4 Nc4 19. Nc6 Qd6 20. Nxe7+ Rxe7 21. Rxe7
Qxe7 22. Re1 Be6 23. Bf5 Ne5 24. Rxe5 fxe5 25. Qxe5 gxf5
26. Qg3+ Kh8 27. Qe5+ Kg8 28. Qg3+ Kh8 29. Qe5+ Kg8 1/2-1/2

[Event "15th European Team Championship (Women)"]
[Site "Gothenburg SWE"]
[Date "2005.08.04"]
[EventDate "2005.07.30"]
[Round "6"]
[Result "1/2-1/2"]
[White "Anna Ushenina"]
[Black "Gabriela Olarasu"]
[WhiteElo "2389"]
[BlackElo "2306"]
[PlyCount "76"]

1. d4 d5 2. c4 Nc6 3. cxd5 Qxd5 4. e3 e5 5. Nc3 Bb4 6. a3
Bxc3+ 7. bxc3 Nf6 8. c4 Qd6 9. d5 Ne7 10. a4 Ne4 11. Ba3 Nc5
12. Ne2 Qa6 13. Qd2 Ne4 14. Qb4 c5 15. Qb5+ Qxb5 16. axb5 b6
17. Bb2 f6 18. Nc3 Nxc3 19. Bxc3 a5 20. bxa6 Rxa6 21. Bd3
Rxa1+ 22. Bxa1 Kd7 23. Kd2 Ba6 24. Rb1 Rb8 25. Bb2 h6 26. Ba3
Rb7 27. g3 e4 28. Bxe4 Bxc4 29. d6 Ra7 30. dxe7 Rxa3 31. Rxb6
Kxe7 32. Rb7+ Kf8 33. Rc7 Ra5 34. Rc8+ Ke7 35. Rc7+ Kf8
36. Bc2 Be6 37. Rc6 Bd7 38. Rc7 Ke8 1/2-1/2

[Event "15th European Team Championship (Women)"]
[Site "Gothenburg SWE"]
[Date "2005.08.05"]
[EventDate "2005.07.30"]
[Round "7"]
[Result "1/2-1/2"]
[White "Tatiana Kosintseva"]
[Black "Anna Ushenina"]
[WhiteElo "2477"]
[BlackElo "2389"]
[PlyCount "70"]

1. e4 c6 2. d4 d5 3. e5 Bf5 4. Be3 e6 5. Nd2 Nd7 6. Be2 f6
7. Ngf3 Qc7 8. O-O fxe5 9. Nxe5 Nxe5 10. dxe5 Qxe5 11. Nf3 Qd6
12. c4 Nf6 13. Nd4 Bg6 14. Qb3 Qd7 15. Bf4 Bc5 16. Nf3 O-O
17. Ne5 Qe7 18. Nxg6 hxg6 19. Bg5 Qf7 20. Bf3 Rad8 21. Rae1
Rfe8 22. Qc3 Bd6 23. Bd1 Rc8 24. Bc2 e5 25. Qd2 Bc5 26. cxd5
cxd5 27. Kh1 Kh7 28. Qd3 e4 29. Qh3+ Kg8 30. Bb3 Nh7 31. Be3
Bxe3 32. fxe3 Nf6 33. Rd1 Rcd8 34. Rf4 Re5 35. Rdf1 Qd7
1/2-1/2

[Event "15th European Team Championship (Women)"]
[Site "Gothenburg SWE"]
[Date "2005.08.07"]
[EventDate "2005.07.30"]
[Round "9"]
[Result "1/2-1/2"]
[White "Jessica Schmidt"]
[Black "Anna Ushenina"]
[WhiteElo "2323"]
[BlackElo "2389"]
[PlyCount "38"]

1. d4 d5 2. c4 e6 3. Nf3 c5 4. e3 cxd4 5. exd4 Nf6 6. Nc3 Bb4
7. Bd2 O-O 8. Bd3 dxc4 9. Bxc4 Nc6 10. a3 Be7 11. Bf4 Nd5
12. Bxd5 exd5 13. h3 Bf6 14. O-O Bf5 15. Re1 Qd7 16. Ne5 Bxe5
17. Bxe5 Bg6 18. Bg3 Rfe8 19. Qd2 f6 1/2-1/2

[Event "World Junior Championship (Girls)"]
[Site "Istanbul TUR"]
[Date "2005.11.09"]
[EventDate "2005.11.09"]
[Round "1"]
[Result "0-1"]
[White "Elitsa Raeva"]
[Black "Anna Ushenina"]
[WhiteElo "2213"]
[BlackElo "2409"]
[PlyCount "62"]

1. d4 d5 2. c4 dxc4 3. e3 g6 4. Bxc4 Bg7 5. Nf3 Nf6 6. O-O O-O
7. Nc3 Ne8 8. h3 Nd6 9. Bb3 b5 10. Bd2 Bb7 11. Rc1 a5 12. a3
e6 13. Ne1 Nd7 14. Nd3 Rc8 15. Ne2 c5 16. dxc5 Ne4 17. Nd4
Nexc5 18. Nxc5 Nxc5 19. Ba2 Ne4 20. Rxc8 Bxc8 21. Bc1 Bb7
22. Qe2 Nd6 23. Rd1 Qb6 24. Qg4 Rd8 25. b4 axb4 26. axb4 Ne4
27. Bb2 Qd6 28. Bb3 h5 29. Qe2 Qxb4 30. Rb1 Nd6 31. f3 e5 0-1

[Event "World Junior Championship (Girls)"]
[Site "Istanbul TUR"]
[Date "2005.11.10"]
[EventDate "2005.11.09"]
[Round "2"]
[Result "0-1"]
[White "Anna Ushenina"]
[Black "Bela Khotenashvili"]
[WhiteElo "2409"]
[BlackElo "2288"]
[PlyCount "56"]

1. e4 e5 2. Nf3 Nf6 3. Nxe5 d6 4. Nf3 Nxe4 5. Nc3 Nxc3 6. dxc3
Nd7 7. Be3 Be7 8. Qd2 Nc5 9. O-O-O O-O 10. h3 Bf5 11. Nd4 Bg6
12. f3 Bh4 13. Rg1 Re8 14. g3 Qe7 15. Bf4 Bf6 16. h4 Be5
17. Qh2 Ne6 18. Bxe5 dxe5 19. Nxe6 Qxe6 20. h5 Bf5 21. g4 Qh6+
22. Kb1 Rad8 23. Rxd8 Rxd8 24. Be2 Bxc2+ 25. Kxc2 Rd2+ 26. Kb1
Qb6 27. b3 Qa5 28. a4 Qxc3 0-1

[Event "World Junior Championship (Girls)"]
[Site "Istanbul TUR"]
[Date "2005.11.11"]
[EventDate "2005.11.09"]
[Round "3"]
[Result "0-1"]
[White "Nadya Karolina Ortiz"]
[Black "Anna Ushenina"]
[WhiteElo "2218"]
[BlackElo "2409"]
[PlyCount "74"]

1. e4 d6 2. d4 Nf6 3. Nc3 g6 4. g3 Bg7 5. Bg2 O-O 6. Nge2 Nbd7
7. O-O c5 8. h3 Rb8 9. a4 b6 10. Be3 cxd4 11. Bxd4 Bb7 12. Nd5
e5 13. Be3 Nxd5 14. exd5 Ba6 15. Re1 Bxe2 16. Qxe2 f5 17. f4
exf4 18. Bxf4 Be5 19. Qd2 Qc7 20. c3 Rfe8 21. Kh2 a5 22. Bf1
Bxf4 23. gxf4 Nc5 24. Bb5 Re4 25. Qf2 Qf7 26. Rad1 Rb7
27. Rxe4 Nxe4 28. Qd4 Qe7 29. Bc6 Qh4 30. Qe3 Re7 31. Rg1 Qh5
32. Bb5 Ng5 33. Rxg5 Qxg5 34. fxg5 Rxe3 35. Kg2 Re1 36. b4
axb4 37. cxb4 Rb1 0-1

[Event "World Junior Championship (Girls)"]
[Site "Istanbul TUR"]
[Date "2005.11.12"]
[EventDate "2005.11.09"]
[Round "4"]
[Result "1/2-1/2"]
[White "Anna Ushenina"]
[Black "Vera Nebolsina"]
[WhiteElo "2409"]
[BlackElo "2278"]
[PlyCount "51"]

1. e4 e5 2. Nf3 Nf6 3. Nxe5 d6 4. Nf3 Nxe4 5. c4 Nc6 6. d3 Nf6
7. d4 d5 8. c5 Bg4 9. Bb5 Qd7 10. h3 Bxf3 11. Qxf3 Be7 12. Nc3
O-O 13. Be3 a6 14. Ba4 b5 15. cxb6 cxb6 16. O-O b5 17. Bc2 Bd8
18. Bb3 Ne7 19. Bg5 Nf5 20. Bxf6 Bxf6 21. Nxd5 Bd8 22. Rad1
Rc8 23. Qg4 g6 24. Rfe1 a5 25. Ne3 a4 26. Bc2 1/2-1/2

[Event "World Junior Championship (Girls)"]
[Site "Istanbul TUR"]
[Date "2005.11.13"]
[EventDate "2005.11.09"]
[Round "5"]
[Result "1/2-1/2"]
[White "Tania Sachdev"]
[Black "Anna Ushenina"]
[WhiteElo "2379"]
[BlackElo "2409"]
[PlyCount "39"]

1. d4 Nf6 2. c4 g6 3. Nf3 Bg7 4. g3 O-O 5. Bg2 c5 6. Nc3 Nc6
7. O-O cxd4 8. Nxd4 Qa5 9. Nc2 d6 10. Bd2 Qh5 11. Nd5 Nxd5
12. cxd5 Ne5 13. Bc3 Bg4 14. f3 Bh3 15. g4 Qh4 16. Be1 Qh6
17. Bd2 Qh4 18. Be1 Qh6 19. Bd2 Qh4 20. Be1 1/2-1/2